| 000 | 01863cam a2200313 a 4500 | ||
|---|---|---|---|
| 999 |
_c5887 _d5887 |
||
| 001 | 14382822 | ||
| 003 | OSt | ||
| 005 | 20251126140340.0 | ||
| 008 | 060519s2006 nyu 000 1 eng | ||
| 010 | _a 2006048135 | ||
| 020 | _a9780755334148 | ||
| 035 | _a14382822 | ||
| 035 | _a(OCoLC)69241597 | ||
| 040 |
_aDLC _cDLC _dIG# _dBAKER _dNPL _dUPZ _dYDXCP _dOCLCQ _dIXA _dDLC _dKH8 |
||
| 082 | _aFIC GAI | ||
| 100 | 1 |
_aGaiman, Neil, _eauthor. |
|
| 245 | 1 | 0 |
_aFragile things : _bshort fictions and wonders / _cNeil Gaiman. |
| 250 | _a1st ed. | ||
| 260 |
_aNew York : _bWilliam Morrow, _cc2006. |
||
| 300 |
_a440 p. : _biil. ; _c24 cm. |
||
| 336 |
_atext _btxt _2rdacontent |
||
| 337 |
_aunmediated _bn _2rdamedia |
||
| 338 |
_avolume _bnc _2rdacarrier |
||
| 505 | 0 | 0 |
_gIntroduction -- _tA study in emerald -- _tThe fairy reel -- _tOctober in the chair -- _tThe hidden chamber -- _tForbidden brides of the faceless slaves in the secret house of the night of dread desire -- _tThe flints of memory lane -- _tClosing time -- _tGoing wodwo -- _tBitter grounds -- _tOther people -- _tKeepsakes and treasures -- _tGood boys deserve favors -- _tThe facts in the case of the departure of Miss Finch -- _tStrange little girls -- _tHarlequin valentine -- _tLocks -- _tThe problem of Susan -- _tInstructions -- _tHow do you think it feels? -- _tMy life -- _tFifteen painted cards from a vampire tarot -- _tFeeders and eaters -- _tDiseasemaker's group -- _tIn the end -- _tGoliath -- _tPages from a journal found in a shoebox left in a Greyhound bus somewhere between Tulsa, Oklahoma, and Louisville, Kentucky -- _tHow to talk to girls at parties -- _tThe day the saucers came -- _tSunbird -- _tInventing Aladdin -- _tThe monarch of the glen -- _gCredits. |
| 655 | 7 |
_aFantasy fiction. _2gsafd |
|
| 655 | 7 |
_aHorror fiction. _2gsafd |
|
| 942 |
_2ddc _cFIC |
||